Poupée russe - Lujipeka (paroles) - Statistiques

Statistiques générales
  • Ce quiz a été pris 396 fois
  • Le résultat moyen est 234 sur 274
Statistiques - réponses
Paroles % Correct
la
97%
La
97%
on
97%
On,
97%
On
97%
je
96%
Je
96%
ma
96%
m'a
96%
mer
96%
ira
95%
poupée
95%
Quand
95%
quand
95%
russe
95%
voir
95%
c'est
94%
merde,
94%
a
93%
à
93%
fais
92%
l'autruche
91%
de
90%
Viens,
90%
sais
89%
t'emmène,
89%
t'emmène
89%
un
89%
enfer
88%
les
88%
qu'tu
88%
se
88%
Elle
87%
elle
87%
est
87%
vis
87%
sur
86%
du
85%
Du
85%
pas
85%
pas,
85%
main
84%
si
84%
mais
82%
ses
82%
qu'elle
81%
Et
80%
mains
80%
médicaments
80%
prend
80%
des
78%
l'hôpital
78%
Moi
78%
moi
78%
ça
77%
pour
77%
balade
76%
d'sang
76%
fait
76%
J'ai
76%
malade,
76%
n'est
76%
venin
76%
ils
75%
proposé
75%
qu'on
75%
Qu'on
75%
dit
74%
son
74%
dents
73%
médecins
73%
Promis,
73%
reposer
73%
d'Eden
72%
d'me
72%
menteurs
72%
parle
72%
sont
72%
cœurs
71%
c'que
71%
dans
71%
était
71%
façon
71%
l'jardin
71%
Qui
71%
qui
71%
sait
71%
aussi,
70%
dessinent
70%
dont
70%
doutes
70%
gosse
70%
sérieux
70%
toujours
70%
qu'les
69%
raison,
67%
plus
66%
corps
65%
Personne
65%
caché
64%
chante
64%
monstre
64%
n'en
64%
peine
64%
peur
64%
tort ?
63%
pis
61%
plaque
61%
tant
61%
écoutent
60%
j'nai
59%
s'ils
58%
encore
57%
fous,
55%
J'm'en
55%
vague,
55%
d'la
53%
plage,
52%
l'creux
50%
Cap
48%
l'devine
47%
différens
12%
Aucun quiz correspondant
Distribution des résultats
% des personnes avec chaque résultat
Percentile par nombre de réponses
Votre historique - résultats
Vous n’avez pas pris ce quiz